000 00538nam a22001817a 4500
005 20251108170820.0
008 250721s1999 xx 000 0 ara d
082 1 4 _a344.0469565/ظاه
100 1 _aالظاهر، خالد خليل
245 1 0 _aقانون حماية البيئة في الأردن :
_bدراسة مقارنة /
264 1 _aعمان :
_bالمؤلف،
_c1999.
300 _a153ص
650 1 7 _aقانون البيئة
650 1 7 _aالأردن
650 1 7 _aالبيئة
942 _2ddc
_cBK
999 _c49661
_d49661